000 01205nam2a2200241 4500
001 RU\NLR\bibl\1694966
005 20260405150512.0
035 _a(NLR Aleph) 001686068
090 _a1131440
_c1131440
100 _a20101108d2007 |||y0rusy50 ca
101 0 _arus
102 _aRU
105 _aa |||||||||
200 0 _a... в 2006 году
_f[сост.: С.А. Бражникова]
210 _d2007
_aБ. м.
215 _a82 с.
_cил.
461 0 _1001RU\NLR\bibl\858990
_12001#$aМуниципальные библиотеки Белгородской области...$v... в 2006 году
_91460194
_cБелгород
_d2000
_fБелгор. гос. универс. науч. б-ка
_nБелгородская государственная универсальная научная библиотека
_oаналитический обзор
_tМуниципальные библиотеки Белгородской области...
_v... в 2006 году
702 1 _4220
_8rus
_7ca
_aБражникова
_bС. А.
_gСветлана Алексеевна
_3RU\NLR\auth\7761805
_944735
801 0 _aRU
_bNLR
_c20101108
_gRCR
801 1 _aRU
_bNLR
_c20101108
942 _cBOOK
980 _aNB